000 00343nam a22001457a 4500
008 230508b ||||| |||| 00| 0 eng d
020 _a9780521585408
041 _aeng
080 _2VOLUME 2
_a94
082 _a94CAR
100 _a28
101 _aHISTO
245 _aHISTORICAL STATISTICS OF THE UNITED STATES
_cCARTER.S
942 _2udc
_cBK
999 _c59654
_d59654